00435nam a2200133Ia 4500008004100000245007700041260004900118260000900167300001000176500000800186650001600194999001900210952007200229170224s9999 xx 000 0 und d aRelational mate value: Consensus and uniqueness in romantic evaluations. bJournal of Personality and Social Psychology c2014 a106:5 aMay xPsychology. c316661d316661 001040aCLbCLd2017-02-24l0r2017-02-24 00:00:00w2017-02-24ySE